| 000 | 00675nam a2200217 i 4500 | ||
|---|---|---|---|
| 001 | 95903 | ||
| 003 | ES-MaACL | ||
| 005 | 20250814230839.0 | ||
| 007 | t| | ||
| 008 | 050607s1944 sp ||||1| spa d | ||
| 100 | 1 |
_aMacIver, Robert M. _975235 |
|
| 245 | 1 | 0 |
_aSociología / _cR. M. Mac Iver, Charles H. Page; [traducción de José Cazorla Pérez]. |
| 260 |
_aMadrid : _bTecnos, _c1963. |
||
| 300 |
_aXII, 717 p. ; _c23 cm. |
||
| 490 | 1 |
_aCiencias sociales ; _v1 |
|
| 700 | 1 |
_aPage, Charles H. _988262 |
|
| 700 | 1 |
_aCazorla Pérez, José. _937253 |
|
| 830 | 0 | 0 |
_aCiencias sociales _v1 _9177859 |
| 852 |
_aES-MaACL _jC-26732 _bR.55742 |
||
| 999 |
_c95903 _d95903 |
||